| 000 | 00698cab a2200229 4500 | ||
|---|---|---|---|
| 001 | ABS60257 | ||
| 008 | 090401t1999 xxu||||| |||| 00| 0 eng d | ||
| 035 | _a(Sirsi) u92244 | ||
| 041 | _aeng | ||
| 100 | _aSamuel, A. | ||
| 245 | _aArbitration statutes in England and the USA | ||
| 260 | _c1999 | ||
| 350 | _a0 | ||
| 490 |
_aArbitration and Dispute Resolution Law Journal _v(1) March 1999, 3-33(14) |
||
| 650 | _aARBITRATION ACT 1996 | ||
| 650 | _aARBITRATION LAW | ||
| 650 |
_aDISPUTE RESOLUTION _96236 |
||
| 650 | _aUNITED STATES | ||
| 690 | _aMANAGEMENT-DISPUTE AVOIDANCE, MANAGEMENT AND RESOLUTION-DISPUTE MANAGEMENT AND RESOLUTION-ARBITRATION | ||
| 942 | _n0 | ||
| 948 | _c22/03/1999 | ||
| 999 |
_c58490 _d58490 |
||